| 000 | 01098nam a2200277 i 4500 | ||
|---|---|---|---|
| 001 | 176336 | ||
| 003 | ES-MaACL | ||
| 005 | 20231221194739.0 | ||
| 008 | 110110s1977 sp 001 0dspa d | ||
| 020 | _a84-277-0287-6 | ||
| 080 | _a929 Unamuno, Miguel de | ||
| 080 | _a929 Giner de los Ríos, Francisco | ||
| 100 | 1 |
_aGómez Molleda, María Dolores, _d1922-2017 _958053 |
|
| 245 | 1 | 0 |
_aUnamuno "agitador de espíritus" y Giner _b: (correspondencia inédita) / _cD. Gómez Molleda. |
| 260 |
_aMadrid : _bNarcea, _c[1977] |
||
| 300 |
_a142 p. ; _c18 cm. |
||
| 490 | 1 |
_aBitácora. Biblioteca del estudiante ; _v52 |
|
| 504 | _aReferencias bibliográficas. | ||
| 600 | 1 | 7 |
_aUnamuno, Miguel de, _d1864-1936- _vCorrespondencia _2 _9168906 |
| 600 | 1 | 7 |
_aGiner de los Ríos, Francisco, _d1839-1915- _vCorrespondencia _2 _9147287 |
| 700 | 1 |
_aUnamuno, Miguel de, _d1864-1936 _9111982 |
|
| 700 | 1 |
_aGiner de los Ríos, Francisco, _d1839-1915 _957122 |
|
| 830 | 1 |
_aBitácora. Biblioteca del estudiante ; _v52 _9181903 |
|
| 852 |
_aES-MaACL _jE-13982 _xOlim P-1892 |
||
| 999 |
_c176336 _d176336 |
||